=LDR 00000nam 2200000 4500 =001 INLIS000000000000063 =005 20150113144418.0 =006 =007 =008 Ind =035 ##$$0010-061300000000063 =041 ##$$a Ind =082 ##$$a 910.7 =090 ##$$a 910.7 Isk g =100 ##$$a Iskhak =245 ##$$a Geografi program inti untuk SMU / Ischak,Surasini,Murdiyanto =260 ##$$aKlaten$bIntan Pariwara$c1989 =300 ##$$a ...jil. : ilus, ; 21 cm =650 ##$$a Geografi =650 ##$$a Studi dan pengajaran =700 ##$$a Surasini =850 ##$$a NBPDMAT